000 00477nam a2200145 4500
999 _c10385
_d10385
008 180824b ||||| |||| 00| 0 eng d
022 _a2094-8042
082 _aDPer 370.105 M72 Jan-Dec 2011 v59-60
100 _930535
_aCapistrano, Yolanda P.
245 _aThe healthy way of weight loss/
_cYolanda P. Capistrano.
260 _aPhilippines:
_bIn the Grade School, Inc.,
_cc2011.
300 _av60 n2, page 66;
_c27cm.
650 0 _930536
_aWeight loss.
942 _2ddc
_cPER